Problems in teaching industrial arts and vocational education ; a job analysis and suggested solutions.

Bibliographic Details
Main Author: Jones, Walter Benton, 1893-
Format: Book
Language:English
Published: Milwaukee : Bruce Pub. Co., [1958]
Subjects:

MARC

Tag First Indicator Second Indicator Subfields
LEADER 00000cam a2200000 4500
001 in00000077413
005 20151008052737.0
008 751112s1958 wiu 00000 eng
010 |a  58006897  
035 |a (OCoLC)01829907 
035 |9 AAH4707AM 
040 |a DLC  |c FXG  |d TXA  |d UtOrBLW 
049 |a TXAM  |c [293985] 
050 0 0 |a LC1081  |b .J64 
092 |a 371.426  |b J79p 
100 1 |a Jones, Walter Benton,  |d 1893- 
245 1 0 |a Problems in teaching industrial arts and vocational education ;  |b a job analysis and suggested solutions. 
264 1 |a Milwaukee :  |b Bruce Pub. Co.,  |c [1958] 
300 |a 213 pages ;  |c 23 cm. 
336 |a text  |b txt  |2 rdacontent 
337 |a unmediated  |b n  |2 rdamedia 
338 |a volume  |b nc  |2 rdacarrier 
650 0 |a Industrial arts  |x Study and teaching. 
650 0 |a Vocational education. 
999 |a MARS 
999 f f |s 6f29b914-4604-3c59-a2c9-dc6811073414  |i fae8466f-6da5-3e19-8f9e-0c1490576e18  |t 0 
952 f f |p ric  |a Texas A&M University  |b Rellis Campus  |c Joint Library Facility  |d Remote Storage  |t 0  |e LC1081 .J64  |h Library of Congress classification  |i unmediated -- volume  |m A14800842166 
998 f f |a LC1081 .J64  |t 0  |l Remote Storage